Agrios; guía práctica de tratamientos /

Guardado en:
Autor Principal: Amoros Castañer, Manuel
Formato: Libro
Publicado: Lerida : Dilagro, 1970
Materias:
Etiquetas: Agregar Etiqueta
Sin Etiquetas, Sea el primero en etiquetar este registro!
LEADER 00546nam a22001815a 4500
001 CEM.cems015663
005 20140603180206.0
008 130507s1970##################000#0#####d
003 CEMS
082 0 4 |a 632 
100 1 |a Amoros Castañer, Manuel 
245 1 0 |a Agrios; guía práctica de tratamientos /  |c Manuel Amoros Castañer, 
260 |a Lerida :  |b Dilagro,  |c 1970 
300 |a 198 p. 
653 |a Cítricos-fitopatología 
653 |a Fruticultura-plagas 
653 |a Plagas agrícolas 
859 |a CEMS  |b BIB. CEMS - Agricultura  |h 632  |i Am68  |p A11512.82  |t Ej.1